Countries of National Independence days In August - Statistics

General Stats
  • This quiz has been taken 20 times
  • The average score is 12 of 26
Answer Stats
How They Got Independence Hint Answer % Correct
Independence from the UK August 15 India
81%
Declaration of Independence from the Netherlands August 17 Indonesia
81%
Independence of the Federation of Malaya from the United Kingdom August 31 Malaysia
75%
Korean War August 15 North Korea
75%
Korean War August 15 South Korea
75%
Independence from the UK August 14 Pakistan
63%
Alliance against the Holy Roman Empire August 1 Switzerland
56%
Marks city-state's secession/expulsion from the Malaysian Federation August 9 Singapore
50%
Independence re-declared from the Soviet Union August 20 Estonia
44%
Foundation of Christian Hungary August 20 Hungary
44%
Independence from the UK August 31 Trinidad and Tobago
44%
Declaration of Independence of Ukraine from the Soviet Union August 24 Ukraine
44%
Declaration of independence from the Spanish Empire then from the Empire of Brazil August 25 Uruguay
44%
Independence from Spain August 6 Bolivia
38%
Independence from France August 5 Burkina Faso
38%
Independence from Spain August 10 Ecuador
38%
Independence From France August 17 Gabon
38%
Independence from France August 7 Ivory Coast
38%
Independence from the UK August 6 Jamaica
38%
Independence from then USSR August 31 Kyrgyzstan
38%
Declaration of Independence from the Soviet Union August 27 Moldova
38%
Independence from France August 3 Niger
38%
Independence from France August 13 Central African Republic
31%
Independence from France August 11 Chad
31%
Independence from France August 15 Republic of the Congo
31%
Independence from the UK August 19 Afghanistan
13%
No matching quizzes found
Score Distribution
Percent of People with Each Score
Percentile by Number Answered
Your Score History
You have not taken this quiz